| 000 | 01169nam a2200361 a 4500 | ||
|---|---|---|---|
| 001 | 82235 | ||
| 003 | BD-RjUL | ||
| 005 | 20231102125228.0 | ||
| 008 | 211102s2021 enk 000 | eng d | ||
| 020 | _a9780128200070 (hbd.) | ||
| 035 | _a(BD-RjUL)82235 | ||
| 040 |
_aOBC _beng _erda _cBD-RjUL |
||
| 041 | 1 | _aeng | |
| 082 | 0 | 4 |
_223 _a615.1 _bREM 2021 |
| 245 | 0 | 0 |
_aRemington, the science and practice of pharmacy / _cedited by Adeboye Adejare. |
| 246 | 1 | 4 | _aThe science and practice of pharmacy |
| 250 | _a23rd edition | ||
| 260 |
_aLondon : _bAcademic Press, _c2021. |
||
| 300 |
_axxix, 1000 pages : _billustrations (some colour). |
||
| 336 |
_atext _btxt _2rdacontent |
||
| 337 |
_aunmediated _bn _2rdamedia |
||
| 338 |
_avolume _bnc _2rdacarrier |
||
| 500 | _aAt foot of title : Elsevier, Philadelphia College of Pharmacy | ||
| 504 | _aIncludes bibliographical references and index. | ||
| 653 | 0 | _aPharmacology | |
| 653 | 0 | _aPharmaceutical industry | |
| 653 | 0 | _aDrugs | |
| 653 | 0 | _aBio (budgetary code) | |
| 653 | 0 | _aתעשית תרופות | |
| 653 | 0 | _aפרמקולוגיה | |
| 700 | 1 |
_aAdejare, Adeboye _d1959- _eeditor _99882 |
|
| 942 |
_2ddc _cBK |
||
| 999 |
_c82235 _d82235 |
||